000 00555nam a2200205Ia 4500
003 OSt
005 20221002055127.0
006 a|||||r|||| 00| 0
007 ta
008 220930b |||||||| |||| 00| 0 eng d
024 _a72447
037 _cReference Collections
040 _aCRL
_cCRL
_beng
041 _2eng
_aeng
082 _aV2:7.N61<-N59, M7(RR)
245 0 _aEpigraphia Indica
_b Arabic & Persian supplement
260 _c1987
942 _hV2:7.N61<-N59, M7(RR)
_cref
_2CC
999 _c926866
_d926866